01076nam a2200265 i 4500001000700000003000900007005001700016007000300033008004100036020001800077080001400095100004400109245017500153260004200328300002200370490004200392500004300434700003900477700003100516700005000547830005000597852002200647999001900669952012200688140751ES-MaACL20251115063308.0t|070917s1998 sp ||||1| spa d a84-7030-518-2 a821.134.21 aMuñoz Seca, Pedro, d1881-193698449913aEl verdugo de Sevilla / cPedro Muñoz Seca ; Enrique García Álvarez ; introducción Andrés Amorós ; orientaciones para el montaje José Luis Alonso de Santos. aMadrid : bBiblioteca Nueva, c[1998] a126 p. ; c18 cm.1 aColección !arriba el telón! ; v1 aBiblioteca Jacinto Martínez Lacalle.1 aGarcía Alvarez, Enrique.91856681 aAmorós, Andrés.9213091 aAlonso de Santos, José Luis, d1942-9202910 aColección !arriba el telón! ; v19233401 aES-MaACLjE-12140 c140751d140751 00104070aATENEOMbATENEOMcDEPO2d2008-01-17eSCl0oE-12140p1146465r2023-02-23 00:00:00w2023-02-23yMONOGRAFIA